Znane imiona #4 - Statystyki

Ogólne statystyki
  • Ten quiz został rozwiązany 1 104 razy
  • Średni wynik to 8 z 14
Statystyki odpowiedzi
Imię Nazwy rodzinne % Poprawnych
Robert Lewandowski, Redford, Kennedy
97%
Henryk Sienkiewicz, Dobrzański, Kasperczak
91%
Albert Speer, Camus, Einstein
84%
Angela Merkel, Gossow, Lansbury
79%
Hanna Gronkiewicz-Waltz, Suchocka, Śleszyńska
79%
Izabela Czartoryska, Trojanowska, Krzan, Miko
75%
Frank Gehry , Sinatra, Capra
71%
Anne Hathaway, Frank, Heche
42%
Sarah Jessica Parker, Connor, Palin
42%
Max Verstappen, von Sydow, Weber, Planck
37%
Marian Rejewski, Spychalski, Kociniak
33%
Yves Saint Laurent, Montand, Rocher
24%
Juliette Binoche, Lewis, Gréco
14%
Marcel Proust, Szytenchelm, Woźniak
13%
Nie znaleziono quizów pasujących do podanych kryteriów
Rozkład punktacji
Procent ludzi z każdym wynikiem
Percentyl według liczby udzielonych odpowiedzi
Twoja historia wyników
Nie rozwiązałeś tego quizu